000 00904nam0a22002651 4500
001 rc\3028185
005 20250806201552.0
035 _a(NLR Aleph) 007169299
090 _a44261
_c44261
100 _a20110930d1945 u y0rusy50 ca
101 0 _arus
102 _aRU
105 _aa z |||||
200 1 _aКак самому построить дом из самана
_fН.И. Порхачев
210 _aМосква
_aЛенинград
_cизд-во Наркомхоза РСФСР
_d1945
_eПеров
_gтип. изд-ва
215 _a19 с.
_cил., черт.
_d17 см
300 _aБез обл.
700 1 _aПорхачев
_bН.И.
_gНиколай Иванович
801 0 _aRU
_bNLR
_gpsbo
801 1 _aRU
_bELAR
_2rusmarc
852 _aNLR
_jТ80 Г-2/267
942 _cBOOK
945 _aРоссийская национальная библиотека
980 _aNB
980 _aBV